000 01225nam0a22002771 4500
001 rc\1162020
005 20250622203731.0
035 _a(NLR Aleph) 006406080
090 _a5296645
_c5296645
100 _a20041129d1980 |||y0rusy50 ca
101 0 _arus
102 _aRU
105 _aa |||||||||
200 1 _aБорьба с электризацией углеводородных топлив при перекачках и фильтрации
210 _aМ.
_cЦНИИТЭнефтехим
_d1980
215 _a46 с.
_cил.
_d20
225 1 _aСерия "Транспортировка и хранение нефтепродуктов и углеводородного сырья"
_eТемат. обзор
_fЦНИИ информ. и техн.-экон. исслед. нефтеперераб. и нефтехим. пром-сти
300 _aНа обл. авт. не указаны
320 _aБиблиогр.: с. 46-47 (6 назв.)
700 1 _aРыбаков
_bК.В.
_gКонстантин Васильевич
701 1 _aКузнецов
_bЮ.М.
_gЮрий Михайлович
801 0 _aRU
_bNLR
_gpsbo
801 1 _aRU
_bELAR
_2rusmarc
852 _aNLR
_j80-4/20002
942 _cBOOK
980 _aNB